Statistics for Nigeria Country Quiz

Click here to take the quiz!

General Stats

  • This quiz has been taken 11,473 times
    (10,020 since last reset)
  • The average score is 11 of 18

Answer Stats

Clue Answer % Correct
Bordering countryNiger
97%
Most populous cityLagos
94%
Bordering countryChad
84%
Bordering countryBenin
83%
Bordering countryCameroon
83%
Official languageEnglish
83%
Capital cityAbuja
79%
Terrorist group whose name means
"Western education is forbidden"
{Boko} Haram
77%
Two thirds of state revenues come
from this industry
Oil
72%
Nickname for the Nigerian
film industry
{Nolly}wood
70%
Nigeria is located on this ocean gulfGulf of {Guinea}
59%
Largest ethnic groupsIgbo
40%
Nigeria is the world's leading producer
of this edible tuber
Yams
40%
Music style popularized by Fela KutiAfro{beat}
37%
Second most-populous cityKano
35%
Nickname of Nigeria's mens football team
(1996 Olympic gold medalists)
Super {Eagles}
32%
Largest ethnic groupsYoruba
31%
Largest ethnic groupsHausa
24%

Score Distribution

Percentile by Number Answered

Percent of People with Each Score

Your Score History

You have not taken this quiz since the last reset